Mozart (Record no. 150635)

MARC details
000 -LEADER
campo de control de longitud fija 00541nam a2200181 i 4500
001 - NÚMERO DE CONTROL
campo de control 150635
003 - IDENTIFICADOR DE NÚMERO DE CONTROL
campo de control ES-MaACL
005 - FECHA Y HORA DE LA ÚLTIMA TRANSACCIÓN
campo de control 20230906203618.0
007 - CAMPO FIJO DE DESCRIPCIÓN FÍSICA--INFORMACIÓN GENERAL
campo de control de longitud fija t|
008 - DATOS DE LONGITUD FIJA--INFORMACIÓN GENERAL
campo de control de longitud fija 071031s1961 sp ||||1| spa d
100 1# - ENTRADA PRINCIPAL--NOMBRE DE PERSONA
Nombre de persona Valentín, Erich.
9 (RLIN) 112604
245 10 - MENCIÓN DEL TÍTULO
Título Mozart
Resto del título : biografía ilustrada /
Mención de responsabilidad, etc. por Erich Valentín ; [traducción por Julio Lozano].
250 ## - MENCION DE EDICION
Mención de edición [1ª ed.].
260 ## - PUBLICACIÓN, DISTRIBUCIÓN, ETC.
Lugar de publicación, distribución, etc. Barcelona :
Nombre del editor, distribuidor, etc. Destino,
Fecha de publicación, distribución, etc. [1961]
300 ## - DESCRIPCIÓN FÍSICA
Extensión 151 p. :
Otras características físicas il. ;
Dimensiones 23 cm.
700 1# - ENTRADA AGREGADA--NOMBRE PERSONAL
Nombre de persona Lozano, Julio.
9 (RLIN) 74421
852 ## - LOCALIZACIÓN
Ubicación ES-MaACL
Número de control de estantería C-20754
Sublocalización o colección R.49407
Holdings
Estatus retirado Estado de pérdida Estado de daño No para préstamo Biblioteca de origen Biblioteca actual Ubicación en estantería Fecha de adquisición Fuente de adquisición Total de préstamos Signatura topográfica completa Código de barras Visto por última vez Precio de reemplazo Tipo de ítem Koha
        Biblioteca del Ateneo de Madrid Biblioteca del Ateneo de Madrid Galería 17/01/2008     C-20754 1157181 23/02/2023 23/02/2023 Libro impreso